00657nam a2200241 a 4500001001300000003000900013005001700022008004100039020001000080082001600090100001500106245002100121260003100142300000900173500003500182505002700217650003200244700001500276902000800291942000700299952009600306999001300402nice12345678IN_TiNIC20260116011311.0050524s1907 viza grs 000 0 03g  ac10000a229.9bBAR1 aBarnabas,  aInjil-E-Barnaba. aVizagbNo Publisher c1907 a325p aincludes index and biblioraphy2 a3 vols. bound together aApocryphal Gospels-Barnabas1 aBarnabas,  bRBA cPS 00104070aHMIbHMId2007-06-21g100.00l0o229.9 BAR1p4759r2007-06-21w2026-01-16yARB c301d301